Can You Name These 15 Random Asian Countries? - Statistics

General Stats
  • This quiz has been taken 2,476 times
  • The average score is 14 of 15
Answers on the Map
Answers color-coded by a green-red scale on the quiz's map according to % correct below.
 
Answer Stats
Country % Correct
China
100%
India
100%
Japan
100%
Indonesia
99%
Mongolia
99%
Saudi Arabia
98%
South Korea
98%
Iran
97%
Kazakhstan
97%
Philippines
97%
Sri Lanka
97%
Vietnam
97%
Laos
96%
Nepal
96%
Taiwan
96%
Thailand
96%
Turkey
96%
Afghanistan
95%
Cyprus
95%
Iraq
95%
Myanmar
95%
North Korea
95%
Pakistan
95%
Bangladesh
94%
Jordan
94%
Oman
94%
Yemen
94%
Cambodia
93%
Malaysia
93%
Turkmenistan
93%
Uzbekistan
93%
Bhutan
92%
Georgia
92%
Kyrgyzstan
92%
Israel
91%
Lebanon
91%
Tajikistan
91%
Armenia
90%
Qatar
90%
Syria
90%
United Arab Emirates
90%
Azerbaijan
89%
East Timor
87%
Brunei
86%
Kuwait
86%
No matching quizzes found
Score Distribution
Percent of People with Each Score
Percentile by Number Answered
Your Score History
You have not taken this quiz